LEADER 02629nam 22005773 450 001 9910882199603321 005 20260304110037.0 010 $a1-04-077907-7 010 $a1-003-69971-5 010 $a1-04-079459-9 010 $a90-485-6084-5 024 8 $a10.5117/9789048560837 035 $a(CKB)34749839200041 035 $a(MiAaPQ)EBC31653290 035 $a(Au-PeEL)EBL31653290 035 $a(DE-B1597)704340 035 $a(DE-B1597)9789048560844 035 $a(OCoLC)1453279732 035 $a(ScCtBLL)cec2e9a2-0b17-405e-9c4e-4f94e53c0db3 035 $a(ODN)ODN0012396677 035 $a(EXLCZ)9934749839200041 100 $a20240912d2024 uy 0 101 0 $aeng 135 $aur||||||||||| 181 $ctxt$2rdacontent 182 $cc$2rdamedia 183 $acr$2rdacarrier 200 10$aMerdeka $eThe Struggle for Indonesian Independence and the Republic's Precarious Rise, 1945-1950 205 $a1st ed. 210 $d2025 210 1$aAmsterdam :$cAmsterdam University Press,$d2024. 210 4$d©2024. 215 $a1 online resource (456 pages) 311 08$a90-485-6083-7 330 $aUnder the slogan ?Merdeka!? the Republic of Indonesia rushed into a battle for independence ? a struggle of which no one could predict the outcome. Harry Poeze and Henk Schulte Nordholt provide a new narrative about the revolution, one that focuses not only on the fight against the Dutch but also on the precarious rise of the Republic. After the horrors of the Japanese occupation, the Republican leaders needed to somehow build a new state. From the Dutch side, they had to deal with short-sighted politicians and warmongering soldiers. On its own side, the Republic was confronted with wayward and combative youths, autonomous military leaders, conservative federalists, revolutionary communists, and radical Muslims. Coup d?états, a civil war and two Dutch military attacks threatened the survival of the Republic. That is why the victory finally achieved by the Indonesian leaders is the revolution?s greatest miracle. 606 $aRevolutions$zIndonesia$xHistory 606 $aHISTORY / Modern / 20th Century$2bisacsh 615 0$aRevolutions$xHistory. 615 7$aHISTORY / Modern / 20th Century. 676 $a959.803/5 686 $aHIS037070$aHIS048000$2bisacsh 700 $aPoeze$b Harry$01771142 701 $aSchulte Nordholt$b Henk$01771143 701 $aMarini$b Gioia$01771144 801 0$bMiAaPQ 801 1$bMiAaPQ 801 2$bMiAaPQ 906 $aBOOK 912 $a9910882199603321 996 $aMerdeka$94256575 997 $aUNINA